Language Quiz

Random Language or State Quiz

Most Spoken Languages in Vermont Quiz Stats

 Plays Quiz not verified by Sporcle

Score 0/14 Timer 03:00
0 Plays Today
Rank Language % Correct
1English
97.5%
2French
97.5%
3Spanish
92.4%
5Chinese
91.1%
4German
87.3%
7Vietnamese
79.7%
8Italian
79.7%
Rank Language % Correct
9Russian
79.7%
12Korean
72.2%
14Polish
70.9%
6Serbo-Croatian
41.8%
13Bengali
41.8%
10Nepali
32.9%
11Marathi
21.5%

You're not logged in!

Compare scores with friends on all Sporcle quizzes.
OR
Log In

Sporcle TV

Today on Sporcle TV


Watch our educational content, quiz creation guides, and fun videos on Sporcle TV.

Show Comments

Extras

Top Quizzes Today


Score Distribution

Your Account Isn't Verified!

In order to create a playlist on Sporcle, you need to verify the email address you used during registration. Go to your Sporcle Settings to finish the process.

Report this User

Report this user for behavior that violates our Community Guidelines.

Details: